00817 a2200181 45000010006000000050017000060080041000230030015000640400040000790800058001192450100001772500012002772640033002893000019003225050176003411000024005178560094005413379820260407155629.0260407a1979 arg spa dAR-UNSa-BCEJYS aAR-UNSa-BCEJYSbspacAR-UNSa-BCEJYS a658.787xControl de existencias. Inventarios (Stock) 10aManual de stockspla implemantación integral y práctica del control de stocks en la empresa a2a. ed. 1aBuenos Aires :bAstreac1979 a190 p.c22 cm. a1. Introducción - 2. Normalización y codificación - 3. Diagarama ABC - 4. Teoría de los stocks - 5. Políticas de stocks. Aplicaciones prácticas - Apéndice. 1 aMunier, Nolberto J.41uhttps://biblioeco.unsa.edu.ar/pmb/images/libros/L39753.jpgyImagen de portadaqimage/jpeg